| 000 | 00486pab a2200181 454500 | ||
|---|---|---|---|
| 008 | 180718b2004 xxu||||| |||| 00| 0 eng d | ||
| 100 | _aShukla, S.P. | ||
| 245 | _aGlobalization and the financial sector in the Indian economy | ||
| 260 | _c2004 | ||
| 300 | _ap.3-15. | ||
| 362 | _aMar-Apr | ||
| 650 | _aPublic finance - India | ||
| 650 | _aFinancial markets - India | ||
| 650 | _aGlobalization - India | ||
| 650 | _aGlobalization | ||
| 773 | _aSocial Scientist | ||
| 909 | _a60741 | ||
| 999 |
_c60741 _d60741 |
||